Personnel/human resource management : Terry L.Leap and Michael D.Crino

Bibliographic Details
Main Author: Leap, Terry L
Other Authors: Crino, Michael D
Format: Book
Published: New York : Macmillan Publishing Co. , 1990
Subjects:

MARC

LEADER 00000cam a2200000 7i4500
001 0000009034
002 000009844
005 20000330.0
020 |a 0029462894 
090 0 0 |a 658.3   |b LEA 
100 1 |a Leap, Terry L 
245 1 0 |a Personnel/human resource management :   |b Terry L.Leap and Michael D.Crino 
260 |a New York :   |b Macmillan Publishing Co. ,   |c 1990 
300 |a 730 p. :   |b ill. ;   |c 24 cm. 
650 0 0 |a Personnel management 
700 1 |a Crino, Michael D 
999 |a 023217   |b BUKU   |c PINJAMAN   |e PERPUSTAKAAN KOMUNITI PETALING JAYA 
999 |a 023218   |b BUKU   |c PINJAMAN   |e PERPUSTAKAAN KOMUNITI PETALING JAYA